[Event "3-Ð¹ Ñ�Ñ‚Ð°Ð¿ Ñ€Ð°Ð¿Ð¸Ð´ Ð“Ñ€Ð°Ð½-ÐŸÑ€Ð¸ ><ÐµÐ»Ñ�Ð±Ð¸Ð½Ñ�ÐºÐ°"]
[Site "?"]
[Date "2016.10.09"]
[Round "1.2"]
[White "Frolov, Ivan"]
[Black "Danilenko, Oleg"]
[Result "1-0"]
[WhiteElo "2398"]
[BlackElo "1865"]
[PlyCount "95"]
[EventDate "2016.??.??"]
[WhiteClock "0:01:04"]
[BlackClock "0:00:23"]

1. e4 e6 2. d4 d5 3. e5 c5 4. c3 Qb6 5. Nf3 Nc6 6. a3 cxd4 7. cxd4 Nge7 8. b4
Nf5 9. Bb2 Bd7 10. Be2 a6 11. O-O Be7 12. Qd3 Na7 13. Nc3 O-O 14. g4 Nh4 15.
Nxh4 Bxh4 16. Qh3 Be7 17. Bd3 g6 18. Ne2 Bb5 19. Bc3 Bxd3 20. Qxd3 Nb5 21. Kg2
Rac8 22. h4 Nxc3 23. Nxc3 Rc4 24. Ne2 a5 25. bxa5 Qxa5 26. Rfb1 b5 27. h5 Kg7
28. Rh1 Rfc8 29. hxg6 fxg6 30. Qh3 Rh8 31. Qh6+ Kf7 32. Rh3 Ke8 33. Qg7 Rf8 34.
Rxh7 Rc7 35. Qxg6+ Kd7 36. Qd3 Rg8 37. Rah1 Rxg4+ 38. Ng3 b4 39. Qf3 Rg8 40.
Rxe7+ Kxe7 41. Qf6+ Kd7 42. axb4 Qxb4 43. Rh7+ Kc8 44. Qxe6+ Kb7 45. Qxd5+ Kb6
46. Rxc7 Kxc7 47. Qxg8 Qxd4 48. Qe6 1-0

[Event "3-Ð¹ Ñ�Ñ‚Ð°Ð¿ Ñ€Ð°Ð¿Ð¸Ð´ Ð“Ñ€Ð°Ð½-ÐŸÑ€Ð¸ ><ÐµÐ»Ñ�Ð±Ð¸Ð½Ñ�ÐºÐ°"]
[Site "?"]
[Date "2016.10.09"]
[Round "1.3"]
[White "Kharitonov, Nikita"]
[Black "Shurunov, Andrei"]
[Result "0-1"]
[WhiteElo "1853"]
[BlackElo "2263"]
[PlyCount "52"]
[EventDate "2016.??.??"]
[WhiteClock "0:00:13"]
[BlackClock "0:06:41"]

1. e4 c5 2. Nf3 e6 3. d4 cxd4 4. Nxd4 a6 5. c4 Qc7 6. Nc3 Nf6 7. Be2 b6 8. O-O
Bb7 9. f3 d6 10. Be3 Nbd7 11. Rc1 Be7 12. b4 O-O 13. Nb3 Rac8 14. Na4 Qb8 15.
Nxb6 Nxb6 16. Bxb6 Bxe4 17. Qd4 Bc6 18. Rfd1 Nd7 19. c5 dxc5 20. Bxc5 Nxc5 21.
Nxc5 Bf6 22. Qc4 Bb5 23. Qe4 Bxe2 24. Qxe2 Qxb4 25. Nxa6 Qa3 26. Nc7 Qa7+ 0-1

[Event "3-Ð¹ Ñ�Ñ‚Ð°Ð¿ Ñ€Ð°Ð¿Ð¸Ð´ Ð“Ñ€Ð°Ð½-ÐŸÑ€Ð¸ ><ÐµÐ»Ñ�Ð±Ð¸Ð½Ñ�ÐºÐ°"]
[Site "?"]
[Date "2016.10.09"]
[Round "1.4"]
[White "Vaseptsov, Maxim"]
[Black "Klimenko, Mikhail"]
[Result "1-0"]
[WhiteElo "2258"]
[BlackElo "1851"]
[PlyCount "39"]
[EventDate "2016.??.??"]
[WhiteClock "0:03:28"]
[BlackClock "0:00:56"]

1. e4 c6 2. d4 d5 3. e5 Bf5 4. Nc3 e6 5. g4 Bg6 6. Nge2 c5 7. h4 h6 8. f4 Be7
9. Bg2 Bxh4+ 10. Kf1 Be7 11. f5 exf5 12. Nf4 Nc6 13. Nxg6 fxg6 14. gxf5 cxd4
15. Nxd5 Rc8 16. Bf4 Bg5 17. Qg4 Bxf4 18. Qxg6+ Kf8 19. Nxf4 Ke7 20. Qe6+ 1-0

[Event "3-Ð¹ Ñ�Ñ‚Ð°Ð¿ Ñ€Ð°Ð¿Ð¸Ð´ Ð“Ñ€Ð°Ð½-ÐŸÑ€Ð¸ ><ÐµÐ»Ñ�Ð±Ð¸Ð½Ñ�ÐºÐ°"]
[Site "?"]
[Date "2016.10.09"]
[Round "1.5"]
[White "Rezvy, Lev"]
[Black "Polosin, Evgeni"]
[Result "0-1"]
[WhiteElo "1848"]
[BlackElo "2250"]
[PlyCount "130"]
[EventDate "2016.??.??"]
[WhiteClock "0:00:15"]
[BlackClock "0:00:50"]

1. e4 e5 2. Nf3 Nc6 3. Nc3 g6 4. d4 exd4 5. Nxd4 Bg7 6. Be3 Nge7 7. Be2 O-O 8.
O-O d6 9. Qd2 Nxd4 10. Bxd4 Be6 11. Bxg7 Kxg7 12. Rad1 f5 13. exf5 Nxf5 14. Bf3
Rb8 15. Be4 Qf6 16. Rfe1 b6 17. b3 a6 18. Re2 Rbe8 19. Bxf5 Qxf5 20. f3 Qf7 21.
Rde1 Bf5 22. Rxe8 Rxe8 23. Rxe8 Qxe8 24. Nd5 Qe5 25. Ne3 Be6 26. c3 a5 27. Qd4
Qxd4 28. cxd4 a4 29. d5 axb3 30. axb3 Bf7 31. Kf2 Kf6 32. f4 Be8 33. Kf3 Bb5
34. Ke4 Be2 35. Nc2 Bf1 36. Ne3 Be2 37. Nc2 h5 38. Nd4 Bf1 39. g3 Bg2+ 40. Nf3
Bh1 41. b4 Bg2 42. Ke3 Bh1 43. Nd4 Bxd5 44. Nb5 c5 45. Nxd6 cxb4 46. Nc8 b5 47.
Nd6 Bc4 48. Kd4 b3 49. Kc3 Ke6 50. Ne4 Kf5 51. Nf2 Bd5 52. Nd3 Bc4 53. Nf2 Bf7
54. Nd3 Ke4 55. Ne5 Be8 56. Kxb3 g5 57. Kc3 gxf4 58. gxf4 Kxf4 59. Nd3+ Kf3 60.
Kd4 Kg2 61. Ke3 Kxh2 62. Kf4 h4 63. Kf3 Bc6+ 64. Kf2 Be4 65. Nb4 Kh3 0-1

[Event "3-Ð¹ Ñ�Ñ‚Ð°Ð¿ Ñ€Ð°Ð¿Ð¸Ð´ Ð“Ñ€Ð°Ð½-ÐŸÑ€Ð¸ ><ÐµÐ»Ñ�Ð±Ð¸Ð½Ñ�ÐºÐ°"]
[Site "?"]
[Date "2016.10.09"]
[Round "1.6"]
[White "Fesenko, Vitaly"]
[Black "Yurkov, Nikolay"]
[Result "1-0"]
[WhiteElo "2236"]
[BlackElo "1809"]
[PlyCount "89"]
[EventDate "2016.??.??"]
[WhiteClock "0:01:20"]
[BlackClock "0:00:13"]

1. e4 c6 2. d4 d5 3. exd5 cxd5 4. c4 e6 5. Nc3 Nc6 6. c5 Nf6 7. Nf3 Be7 8. Bb5
a6 9. Bxc6+ bxc6 10. O-O Bb7 11. Re1 O-O 12. Bf4 a5 13. h3 Ba6 14. a3 Ra7 15.
b4 Rb7 16. Qa4 Bb5 17. Qc2 Nd7 18. Rab1 axb4 19. axb4 Bf6 20. Ra1 Re8 21. Ra5
Bc4 22. Qa4 Nb8 23. Ra8 Qd7 24. Be5 Be7 25. Bxb8 Rexb8 26. Ne5 Qe8 27. Rxb8
Rxb8 28. Nxc6 Rc8 29. Nxe7+ Qxe7 30. b5 Qh4 31. Qd1 Rb8 32. b6 Qd8 33. Qf3 Qd7
34. Ra1 f6 35. Qg3 Rb7 36. Ra8+ Kf7 37. Qh4 e5 38. Qh5+ Ke7 39. Qxh7 exd4 40.
Qxg7+ Ke6 41. Qg4+ Ke7 42. Qxd4 Qe6 43. Ra7 Rd7 44. b7 Qg8 45. c6 1-0

[Event "3-Ð¹ Ñ�Ñ‚Ð°Ð¿ Ñ€Ð°Ð¿Ð¸Ð´ Ð“Ñ€Ð°Ð½-ÐŸÑ€Ð¸ ><ÐµÐ»Ñ�Ð±Ð¸Ð½Ñ�ÐºÐ°"]
[Site "?"]
[Date "2016.10.09"]
[Round "2.1"]
[White "Gutenev, Alexander"]
[Black "Kazantsev, Nikita"]
[Result "1-0"]
[WhiteElo "2515"]
[BlackElo "2049"]
[PlyCount "51"]
[EventDate "2016.??.??"]
[WhiteClock "0:08:46"]
[BlackClock "0:07:56"]

1. e4 e5 2. Nf3 Nc6 3. Bb5 a6 4. Ba4 Nf6 5. O-O b5 6. Bb3 Be7 7. Re1 d6 8. c3
O-O 9. h3 Nb8 10. d4 Nbd7 11. Nbd2 Bb7 12. a4 c6 13. Nf1 Re8 14. Ng3 Bf8 15.
Ng5 d5 16. exd5 Nxd5 17. Qh5 N7f6 18. Qxf7+ Kh8 19. Qxb7 Re7 20. Nf7+ Rxf7 21.
Qxf7 exd4 22. cxd4 Rc8 23. Bg5 Bb4 24. Re2 Rc7 25. Qe6 Nf4 26. Bxf4 1-0

[Event "3-Ð¹ Ñ�Ñ‚Ð°Ð¿ Ñ€Ð°Ð¿Ð¸Ð´ Ð“Ñ€Ð°Ð½-ÐŸÑ€Ð¸ ><ÐµÐ»Ñ�Ð±Ð¸Ð½Ñ�ÐºÐ°"]
[Site "?"]
[Date "2016.10.09"]
[Round "2.2"]
[White "Nurzhanov, Valikhan"]
[Black "Frolov, Ivan"]
[Result "0-1"]
[WhiteElo "2055"]
[BlackElo "2398"]
[PlyCount "46"]
[EventDate "2016.??.??"]
[WhiteClock "0:00:13"]
[BlackClock "0:02:11"]

1. e4 c6 2. d4 d5 3. Nc3 dxe4 4. Nxe4 Bf5 5. Ng3 Bg6 6. Nf3 e6 7. Bf4 Nf6 8.
Ne5 Nd5 9. Bd2 Nd7 10. c4 Nxe5 11. cxd5 Nd3+ 12. Bxd3 Bxd3 13. Qf3 Ba6 14. dxc6
Qb6 15. Rc1 Qxb2 16. c7 Rc8 17. Nf5 exf5 18. Qxf5 b6 19. d5 Bd6 20. Rc6 Qe5+
21. Qxe5+ Bxe5 22. f4 Bd4 23. d6 Bc5 0-1

[Event "3-Ð¹ Ñ�Ñ‚Ð°Ð¿ Ñ€Ð°Ð¿Ð¸Ð´ Ð“Ñ€Ð°Ð½-ÐŸÑ€Ð¸ ><ÐµÐ»Ñ�Ð±Ð¸Ð½Ñ�ÐºÐ°"]
[Site "?"]
[Date "2016.10.09"]
[Round "2.3"]
[White "Shurunov, Andrei"]
[Black "Mamontova, Anastasia"]
[Result "1-0"]
[WhiteElo "2263"]
[BlackElo "2028"]
[PlyCount "133"]
[EventDate "2016.??.??"]
[WhiteClock "0:01:01"]
[BlackClock "0:00:07"]

1. d4 Nf6 2. c4 e6 3. Nf3 Bb4+ 4. Bd2 a5 5. g3 b6 6. Bg2 Bb7 7. O-O O-O 8. a3
Be7 9. Nc3 d6 10. Qc2 Nbd7 11. Rfd1 Rc8 12. Bf4 Ba6 13. b3 d5 14. Ne5 dxc4 15.
bxc4 Nh5 16. Nc6 Qe8 17. Nb5 Nxf4 18. gxf4 Bxb5 19. cxb5 Bd6 20. e3 Nb8 21. Na7
Rd8 22. Qc1 f5 23. Qc4 Rf6 24. Bf3 Qe7 25. Kh1 Rh6 26. Rg1 Kh8 27. Rg2 Bxa3 28.
Rxa3 Qxa3 29. Qxc7 Rg8 30. Nc6 Qc3 31. Rg1 Nxc6 32. bxc6 Qc2 33. Rf1 a4 34.
Qxb6 a3 35. Qb1 Qd2 36. Qc1 Qxc1 37. Rxc1 Rc8 38. Ra1 g6 39. Rxa3 g5 40. fxg5
Rg6 41. h4 Rg7 42. Kg2 Kg8 43. Kg3 Rgc7 44. Kf4 Kf7 45. Rc3 Ke7 46. Ke5 Ra8 47.
Rc2 Ra5+ 48. Kf4 Kd6 49. h5 Ra1 50. e4 fxe4 51. Bxe4 Rg1 52. g6 hxg6 53. hxg6
Rd1 54. Ke3 Rg1 55. f3 Rg5 56. Ra2 Rg1 57. Ra8 Rg5 58. Rd8+ Ke7 59. Rh8 Kd6 60.
Kf4 Rg1 61. Rd8+ Ke7 62. Rb8 Kd6 63. Rb7 Rg2 64. Rxc7 Kxc7 65. Ke5 Rg1 66. Kxe6
Rg5 67. d5 1-0

[Event "3-Ð¹ Ñ�Ñ‚Ð°Ð¿ Ñ€Ð°Ð¿Ð¸Ð´ Ð“Ñ€Ð°Ð½-ÐŸÑ€Ð¸ ><ÐµÐ»Ñ�Ð±Ð¸Ð½Ñ�ÐºÐ°"]
[Site "?"]
[Date "2016.10.09"]
[Round "2.4"]
[White "Kozirev, Alexander"]
[Black "Vaseptsov, Maxim"]
[Result "0-1"]
[WhiteElo "2024"]
[BlackElo "2258"]
[PlyCount "82"]
[EventDate "2016.??.??"]
[WhiteClock "0:06:34"]
[BlackClock "0:00:54"]

1. e4 c5 2. Nf3 d6 3. d4 Nf6 4. Nc3 cxd4 5. Nxd4 a6 6. Bg5 e6 7. f4 Qc7 8. Qe2
b5 9. a3 Bb7 10. O-O-O Nbd7 11. g4 Rc8 12. Bxf6 gxf6 13. h4 Qb6 14. Rh3 b4 15.
axb4 Qxb4 16. Kb1 Nc5 17. Na2 Qb6 18. Bg2 Rb8 19. Nb3 Bc6 20. Rd4 a5 21. Qd2
Ba4 22. Nac1 Bxb3 23. Nxb3 a4 24. e5 axb3 25. cxb3 fxe5 26. fxe5 d5 27. b4 Nd7
28. Qf4 Bg7 29. Re3 Ra8 30. Rxd5 exd5 31. Bxd5 O-O 32. e6 fxe6 33. Bxe6+ Qxe6
34. Qxf8+ Nxf8 35. Rxe6 Nxe6 36. g5 Rb8 37. Kc2 Rxb4 38. Kd3 Rxb2 39. Ke4 Rb4+
40. Kf5 Kf7 41. h5 Rf4# 0-1

[Event "3-Ð¹ Ñ�Ñ‚Ð°Ð¿ Ñ€Ð°Ð¿Ð¸Ð´ Ð“Ñ€Ð°Ð½-ÐŸÑ€Ð¸ ><ÐµÐ»Ñ�Ð±Ð¸Ð½Ñ�ÐºÐ°"]
[Site "?"]
[Date "2016.10.09"]
[Round "2.5"]
[White "Polosin, Evgeni"]
[Black "Anchutin, Nikita"]
[Result "1-0"]
[WhiteElo "2250"]
[BlackElo "2019"]
[PlyCount "51"]
[EventDate "2016.??.??"]
[WhiteClock "0:04:17"]
[BlackClock "0:03:14"]

1. e4 c5 2. Nf3 d6 3. Nc3 Nf6 4. d4 cxd4 5. Nxd4 a6 6. a4 e6 7. Bd3 Be7 8. O-O
Nc6 9. Nxc6 bxc6 10. f4 e5 11. Kh1 O-O 12. Ne2 Re8 13. Ng3 Bg4 14. Qe1 exf4 15.
Bxf4 Nh5 16. Nxh5 Bxh5 17. Qc3 Qb6 18. a5 Qb7 19. e5 d5 20. Bxh7+ Kxh7 21. Qh3
g6 22. g4 Qd7 23. Rg1 Kg7 24. Qf3 Rh8 25. gxh5 Rxh5 26. Qxh5 1-0

[Event "3-Ð¹ Ñ�Ñ‚Ð°Ð¿ Ñ€Ð°Ð¿Ð¸Ð´ Ð“Ñ€Ð°Ð½-ÐŸÑ€Ð¸ ><ÐµÐ»Ñ�Ð±Ð¸Ð½Ñ�ÐºÐ°"]
[Site "?"]
[Date "2016.10.09"]
[Round "2.6"]
[White "Aliev, Ruslan"]
[Black "Fesenko, Vitaly"]
[Result "0-1"]
[WhiteElo "2020"]
[BlackElo "2236"]
[PlyCount "122"]
[EventDate "2016.??.??"]
[WhiteClock "0:00:23"]
[BlackClock "0:00:47"]

1. d4 Nf6 2. Nf3 g6 3. c4 Bg7 4. Nc3 O-O 5. e4 d6 6. Be2 e5 7. d5 a5 8. Bg5 Na6
9. O-O h6 10. Bd2 Nc5 11. Qc2 Nh5 12. Ne1 Nf4 13. Bxf4 exf4 14. Nd3 Nxd3 15.
Bxd3 f3 16. g3 Qg5 17. Rfe1 h5 18. h4 Qg4 19. Nd1 Qd7 20. c5 Qe7 21. Rc1 Bh6
22. Ne3 Qf6 23. Qc3 Qe7 24. Rc2 Bg7 25. Qa3 Bd4 26. cxd6 cxd6 27. Nc4 Bc5 28.
Qb3 a4 29. Qc3 b5 30. Ne3 b4 31. Qd2 Bg4 32. Nxg4 hxg4 33. Qf4 b3 34. axb3 axb3
35. Rcc1 Ra2 36. Rb1 Qe5 37. Qxe5 dxe5 38. Bc4 Rb8 39. Red1 Bd4 40. Rd3 Rxb2
41. Rxb2 Bxb2 42. Rxb3 Rxb3 43. Bxb3 Kf8 44. Ba4 Ke7 45. Kf1 f5 46. exf5 gxf5
47. h5 Bc1 48. Bc2 e4 49. Bb3 Bg5 50. Bc4 Kd6 51. Bb3 Ke5 52. Bc4 f4 53. gxf4+
Bxf4 54. Bb3 e3 55. fxe3 Bxe3 56. Bd1 Kxd5 57. h6 Bxh6 58. Kf2 Ke4 59. Bc2+ Kf4
60. Kf1 g3 61. Bd1 Bg7 {Kf2} 0-1

[Event "3-Ð¹ Ñ�Ñ‚Ð°Ð¿ Ñ€Ð°Ð¿Ð¸Ð´ Ð“Ñ€Ð°Ð½-ÐŸÑ€Ð¸ ><ÐµÐ»Ñ�Ð±Ð¸Ð½Ñ�ÐºÐ°"]
[Site "?"]
[Date "2016.10.09"]
[Round "3.1"]
[White "Remizov, Yaroslav"]
[Black "Gutenev, Alexander"]
[Result "1/2-1/2"]
[WhiteElo "2160"]
[BlackElo "2515"]
[PlyCount "123"]
[EventDate "2016.??.??"]
[WhiteClock "0:00:21"]
[BlackClock "0:00:45"]

1. e4 c5 2. Nf3 Nc6 3. d4 cxd4 4. Nxd4 Nf6 5. Nc3 d6 6. Be2 e5 7. Nf3 h6 8. O-O
Be6 9. Be3 Be7 10. h3 O-O 11. Qd3 d5 12. exd5 Nxd5 13. Nxd5 Qxd5 14. Qxd5 Bxd5
15. Rfd1 Rfd8 16. c3 Kf8 17. Bb5 e4 18. Bxc6 Bxc6 19. Rxd8+ Rxd8 20. Ne5 Be8
21. Bxa7 f6 22. Nc4 b5 23. Ne3 Rd2 24. b3 Ba3 25. c4 Kf7 26. Nf1 Rc2 27. Ne3
Rd2 28. Nf1 Rc2 29. Ne3 Re2 30. Bd4 Rd2 31. Bc3 Rd3 32. Be1 Bc5 33. cxb5 Bxb5
34. a4 Be8 35. b4 Bd4 36. Rd1 Bxa4 37. Rxd3 exd3 38. Bd2 Ke6 39. Kf1 f5 40. g4
fxg4 41. hxg4 Bb5 42. Kg2 Bc6+ 43. Kg3 Be5+ 44. f4 Bd4 45. Nf5 Bf6 46. Kf2 h5
47. Ne3 h4 48. g5 Bd4 49. Kg1 g6 50. Kh2 Bxe3 51. Bxe3 Kf5 52. Kh3 Ke4 53. Bc1
Bd7+ 54. Kxh4 Kf3 55. b5 Bxb5 56. f5 gxf5 57. g6 Bc4 58. Kg5 Ke4 59. Bd2 Be6
60. g7 Bg8 61. Bc1 Bh7 62. Bd2 1/2-1/2

[Event "3-Ð¹ Ñ�Ñ‚Ð°Ð¿ Ñ€Ð°Ð¿Ð¸Ð´ Ð“Ñ€Ð°Ð½-ÐŸÑ€Ð¸ ><ÐµÐ»Ñ�Ð±Ð¸Ð½Ñ�ÐºÐ°"]
[Site "?"]
[Date "2016.10.09"]
[Round "3.2"]
[White "Frolov, Ivan"]
[Black "Shangin, Valery"]
[Result "1/2-1/2"]
[WhiteElo "2398"]
[BlackElo "2174"]
[PlyCount "37"]
[EventDate "2016.??.??"]
[WhiteClock "0:02:02"]
[BlackClock "0:06:48"]

1. e4 c5 2. Nf3 g6 3. d4 cxd4 4. c3 d3 5. Bxd3 Bg7 6. Bc4 Nc6 7. b4 d6 8. Qb3
e6 9. O-O Nf6 10. Re1 O-O 11. Bf4 Nxe4 12. Rxe4 d5 13. Re1 dxc4 14. Qxc4 Qd5
15. Qxd5 exd5 16. Bd6 Rd8 17. Bc7 Rf8 18. Bd6 Rd8 19. Bc7 1/2-1/2

[Event "3-Ð¹ Ñ�Ñ‚Ð°Ð¿ Ñ€Ð°Ð¿Ð¸Ð´ Ð“Ñ€Ð°Ð½-ÐŸÑ€Ð¸ ><ÐµÐ»Ñ�Ð±Ð¸Ð½Ñ�ÐºÐ°"]
[Site "?"]
[Date "2016.10.09"]
[Round "3.3"]
[White "Radzhabov, Rodion"]
[Black "Shurunov, Andrei"]
[Result "1/2-1/2"]
[WhiteElo "2146"]
[BlackElo "2263"]
[PlyCount "66"]
[EventDate "2016.??.??"]
[WhiteClock "0:00:21"]
[BlackClock "0:02:06"]

1. e4 c5 2. Nf3 e6 3. b3 d6 4. Bb2 Nf6 5. e5 dxe5 6. Nxe5 Bd7 7. Bd3 Nc6 8.
Nxd7 Qxd7 9. O-O Be7 10. Nc3 O-O 11. Ne4 Nd4 12. Nxf6+ Bxf6 13. Bxd4 Bxd4 14.
Rb1 Rad8 15. Kh1 g6 16. f4 Rfe8 17. Qf3 Re7 18. Rbe1 Bg7 19. g4 f5 20. Re2 Rde8
21. Rfe1 Kh8 22. Bc4 e5 23. fxe5 fxg4 24. Qg3 b5 25. Bd3 Qd5+ 26. Qg2 Qd7 27.
e6 Rxe6 28. Rxe6 Rxe6 29. Rxe6 Qxe6 30. Qa8+ Qg8 31. Qxg8+ Kxg8 32. Bxb5 Bh6
33. Bd7 Bxd2 1/2-1/2

[Event "3-Ð¹ Ñ�Ñ‚Ð°Ð¿ Ñ€Ð°Ð¿Ð¸Ð´ Ð“Ñ€Ð°Ð½-ÐŸÑ€Ð¸ ><ÐµÐ»Ñ�Ð±Ð¸Ð½Ñ�ÐºÐ°"]
[Site "?"]
[Date "2016.10.09"]
[Round "3.4"]
[White "Vaseptsov, Maxim"]
[Black "Kholopov, Alexander A"]
[Result "1/2-1/2"]
[WhiteElo "2258"]
[BlackElo "2162"]
[PlyCount "95"]
[EventDate "2016.??.??"]
[WhiteClock "0:00:36"]
[BlackClock "0:01:37"]

1. e4 d6 2. d4 Nf6 3. Nc3 e5 4. Nf3 Nbd7 5. Bc4 Be7 6. O-O O-O 7. a4 c6 8. Ba2
h6 9. Qe2 b6 10. Rd1 Qc7 11. h3 a6 12. dxe5 dxe5 13. Nh4 Nc5 14. Nf5 Re8 15.
Qf3 Ne6 16. Be3 Ng5 17. Bxg5 hxg5 18. Ne2 Bf8 19. Neg3 Be6 20. Bxe6 Rxe6 21.
Rd3 g6 22. Ne3 Rd8 23. Rad1 Rxd3 24. Rxd3 b5 25. axb5 axb5 26. Ngf1 Be7 27. g3
Kg7 28. Kg2 Rd6 29. Rxd6 Qxd6 30. Ng4 Nd7 31. Qe2 Qd4 32. c3 Qd6 33. Nd2 Qe6
34. Ne3 Nc5 35. c4 b4 36. Nd1 Qd6 37. Qe3 Qd4 38. Qxd4 exd4 39. b3 f5 40. Kf3
Kf6 41. exf5 gxf5 42. Nb2 Bd6 43. Ke2 Ne4 44. Nd3 c5 45. Nf3 Nc3+ 46. Kf1 Ne4
47. Ke2 Nc3+ 48. Kf1 1/2-1/2

[Event "3-Ð¹ Ñ�Ñ‚Ð°Ð¿ Ñ€Ð°Ð¿Ð¸Ð´ Ð“Ñ€Ð°Ð½-ÐŸÑ€Ð¸ ><ÐµÐ»Ñ�Ð±Ð¸Ð½Ñ�ÐºÐ°"]
[Site "?"]
[Date "2016.10.09"]
[Round "3.5"]
[White "Prosvirnin, Mikhail"]
[Black "Polosin, Evgeni"]
[Result "0-1"]
[WhiteElo "2090"]
[BlackElo "2250"]
[PlyCount "82"]
[EventDate "2016.??.??"]
[WhiteClock "0:00:16"]
[BlackClock "0:01:11"]

1. d4 Nf6 2. c4 c5 3. d5 b5 4. cxb5 a6 5. b6 Qxb6 6. Nc3 g6 7. Nf3 d6 8. Nd2
Bg7 9. e4 O-O 10. Nc4 Qc7 11. Be2 Nbd7 12. Bf4 Nb6 13. Ne3 Nfd7 14. O-O Ne5 15.
Rc1 Rb8 16. Qd2 Nbd7 17. Bg3 c4 18. Na4 Nb6 19. Nxb6 Qxb6 20. Bxe5 Bxe5 21.
Nxc4 Qb4 22. Qxb4 Rxb4 23. b3 Bf4 24. Rc2 f5 25. f3 fxe4 26. fxe4 Bd7 27. g3
Bg5 28. Rxf8+ Kxf8 29. Kg2 a5 30. Nxa5 Rxe4 31. a4 Bf5 32. Ra2 Re3 33. b4 Be4+
34. Kf2 Bxd5 35. Nc4 Rc3 36. a5 Be3+ 37. Nxe3 Bxa2 38. b5 Ke8 39. b6 Kd8 40. a6
Kc8 41. Bf3 d5 0-1

[Event "3-Ð¹ Ñ�Ñ‚Ð°Ð¿ Ñ€Ð°Ð¿Ð¸Ð´ Ð“Ñ€Ð°Ð½-ÐŸÑ€Ð¸ ><ÐµÐ»Ñ�Ð±Ð¸Ð½Ñ�ÐºÐ°"]
[Site "?"]
[Date "2016.10.09"]
[Round "3.6"]
[White "Fesenko, Vitaly"]
[Black "Nikolenko, Vadim"]
[Result "1-0"]
[WhiteElo "2236"]
[BlackElo "2149"]
[PlyCount "75"]
[EventDate "2016.??.??"]
[WhiteClock "0:07:07"]
[BlackClock "0:02:42"]

1. e4 e6 2. d4 d5 3. e5 c5 4. c3 Nc6 5. Nf3 Qb6 6. a3 c4 7. Nbd2 g6 8. b3 cxb3
9. Nxb3 Nge7 10. Be2 Na5 11. Nxa5 Qxa5 12. Bd2 Qd8 13. O-O Nc6 14. Qb3 Be7 15.
c4 dxc4 16. Qxc4 O-O 17. Rfd1 Na5 18. Qa4 b6 19. Bh6 Bd7 20. Qc2 Rc8 21. Qb2
Re8 22. d5 Ba4 23. dxe6 Rc2 24. Rxd8 Rxd8 25. exf7+ Kxf7 26. e6+ Kxe6 27. Qe5+
Kf7 28. Ng5+ Ke8 29. Bb5+ Bxb5 30. Qxb5+ Rd7 31. h4 Bc5 32. Ne4 Bd4 33. Rd1 Kd8
34. Bg5+ Kc8 35. Qa6+ Nb7 36. Qxa7 Nc5 37. Qa8+ Kc7 38. Bf4+ 1-0

[Event "3-Ð¹ Ñ�Ñ‚Ð°Ð¿ Ñ€Ð°Ð¿Ð¸Ð´ Ð“Ñ€Ð°Ð½-ÐŸÑ€Ð¸ ><ÐµÐ»Ñ�Ð±Ð¸Ð½Ñ�ÐºÐ°"]
[Site "?"]
[Date "2016.10.09"]
[Round "4.1"]
[White "Polosin, Evgeni"]
[Black "Fesenko, Vitaly"]
[Result "1-0"]
[WhiteElo "2250"]
[BlackElo "2236"]
[PlyCount "87"]
[EventDate "2016.??.??"]
[WhiteClock "0:00:31"]
[BlackClock "0:00:32"]

1. e4 c5 2. Nf3 e6 3. Nc3 a6 4. d4 cxd4 5. Nxd4 Qc7 6. Bd3 Nf6 7. O-O b5 8. a3
Bb7 9. Qe2 d6 10. Kh1 Be7 11. f4 Nbd7 12. Nf3 O-O 13. e5 Nd5 14. Ne4 dxe5 15.
Neg5 h6 16. Nh7 exf4 17. Nxf8 Rxf8 18. a4 bxa4 19. Bxa6 Bc6 20. Nd4 Nc5 21.
Nxc6 Qxc6 22. Bb5 Qb7 23. c4 Nb4 24. Bxf4 Nbd3 25. Be3 Qe4 26. Qf3 Qe5 27. Bxa4
Qxb2 28. Rab1 Qa2 29. Bb5 Ne5 30. Qg3 Ng6 31. Qc7 Ne4 32. Qc6 Nc3 33. Ra1 Qe2
34. Bd4 Bf6 35. Bxf6 gxf6 36. Qf3 Qb2 37. Qxf6 Qb4 38. Rfc1 Nxb5 39. Rab1 Qd2
40. cxb5 Nf4 41. Rg1 Ne2 42. Rgd1 Qe3 43. Qf3 Qe5 44. Re1 1-0

[Event "3-Ð¹ Ñ�Ñ‚Ð°Ð¿ Ñ€Ð°Ð¿Ð¸Ð´ Ð“Ñ€Ð°Ð½-ÐŸÑ€Ð¸ ><ÐµÐ»Ñ�Ð±Ð¸Ð½Ñ�ÐºÐ°"]
[Site "?"]
[Date "2016.10.09"]
[Round "4.2"]
[White "Gutenev, Alexander"]
[Black "Suslova, Alena"]
[Result "1-0"]
[WhiteElo "2515"]
[BlackElo "2214"]
[PlyCount "80"]
[EventDate "2016.??.??"]
[WhiteClock "0:02:09"]
[BlackClock "0:00:06"]

1. e4 c5 2. Nf3 Nc6 3. Bb5 Nd4 4. Nxd4 cxd4 5. O-O g6 6. Re1 Bg7 7. c3 Qb6 8.
Qb3 Nh6 9. d3 O-O 10. h3 d6 11. Bc4 Qxb3 12. Bxb3 dxc3 13. Nxc3 Be6 14. Nd5
Bxd5 15. Bxd5 Rab8 16. Be3 b6 17. Rac1 Rfc8 18. Bb7 Rd8 19. Rc7 Kf8 20. Ba6 Ra8
21. b4 Ng8 22. a4 Nf6 23. Rec1 d5 24. f3 Ne8 25. R7c6 dxe4 26. dxe4 Bd4 27. Kf2
Bxe3+ 28. Kxe3 Nd6 29. g4 f6 30. f4 Ne8 31. h4 Rd7 32. Rc8 Rxc8 33. Rxc8 Rc7
34. Rb8 Kf7 35. Kd4 Rd7+ 36. Ke3 Rc7 37. e5 Ng7 38. Bb7 fxe5 39. fxe5 Rc3+ 40.
Kf2 Rc7 1-0

[Event "3-Ð¹ Ñ�Ñ‚Ð°Ð¿ Ñ€Ð°Ð¿Ð¸Ð´ Ð“Ñ€Ð°Ð½-ÐŸÑ€Ð¸ ><ÐµÐ»Ñ�Ð±Ð¸Ð½Ñ�ÐºÐ°"]
[Site "?"]
[Date "2016.10.09"]
[Round "4.3"]
[White "Kholopov, Alexander A"]
[Black "Frolov, Ivan"]
[Result "1-0"]
[WhiteElo "2162"]
[BlackElo "2398"]
[PlyCount "129"]
[EventDate "2016.??.??"]
[WhiteClock "0:05:03"]
[BlackClock "0:02:06"]

1. d4 Nf6 2. c4 e6 3. Nc3 Bb4 4. Qc2 c5 5. dxc5 Na6 6. a3 Bxc3+ 7. Qxc3 Nxc5 8.
f3 O-O 9. e4 b6 10. Be3 d5 11. e5 Nfd7 12. b4 Na4 13. Qb3 dxc4 14. Qxa4 Nxe5
15. Rd1 Bd7 16. Qc2 b5 17. Nh3 Qh4+ 18. Qf2 Qh5 19. Bf4 Bc6 20. Be2 Ng6 21. Bd6
Rfd8 22. O-O Bd5 23. Nf4 Nxf4 24. Bxf4 Qf5 25. Qe3 a5 26. Qe5 Qc2 27. Rd2 Qb3
28. Qb2 axb4 29. Qxb3 cxb3 30. axb4 Bc4 31. Rfd1 Rxd2 32. Rxd2 Bxe2 33. Rxe2
Ra2 34. Rxa2 bxa2 35. Be5 f6 36. Bb2 e5 37. Kf2 Kf7 38. Ke3 Ke6 39. Kd3 Kd5 40.
Kc3 f5 41. Kb3 g5 42. Kxa2 Kc4 43. Bxe5 Kxb4 44. Kb2 Kc4 45. Bf6 g4 46. fxg4
fxg4 47. h4 gxh3 48. gxh3 Kd5 49. Kb3 Ke6 50. Bd8 Kd7 51. Bg5 Ke6 52. Kb4 Kf5
53. Bd8 Kf4 54. Kxb5 Kg3 55. h4 Kg4 56. Kc6 Kh5 57. Kd5 Kg6 58. Ke6 Kg7 59. Kf5
Kh6 60. Kg4 Kg6 61. h5+ Kh6 62. Bb6 Kg7 63. Kg5 h6+ 64. Kf5 Kf7 65. Bd4 1-0

[Event "3-Ð¹ Ñ�Ñ‚Ð°Ð¿ Ñ€Ð°Ð¿Ð¸Ð´ Ð“Ñ€Ð°Ð½-ÐŸÑ€Ð¸ ><ÐµÐ»Ñ�Ð±Ð¸Ð½Ñ�ÐºÐ°"]
[Site "?"]
[Date "2016.10.09"]
[Round "4.4"]
[White "Shurunov, Andrei"]
[Black "Remizov, Yaroslav"]
[Result "0-1"]
[WhiteElo "2263"]
[BlackElo "2160"]
[PlyCount "76"]
[EventDate "2016.??.??"]
[WhiteClock "0:00:52"]
[BlackClock "0:00:32"]

1. d4 d5 2. Nc3 Nf6 3. Bf4 c5 4. e3 cxd4 5. Qxd4 Nc6 6. Qd2 e5 7. Bg5 d4 8.
Bxf6 Qxf6 9. Nb5 Qd8 10. exd4 a6 11. d5 axb5 12. Bxb5 Qb6 13. Qe2 Bd6 14. Rd1
O-O 15. dxc6 Bc5 16. Bc4 Qxb2 17. Nf3 Qc3+ 18. Kf1 bxc6 19. Nxe5 Bf5 20. Bxf7+
Rxf7 21. Nxf7 Kxf7 22. Qf3 Qxf3 23. gxf3 Rxa2 24. Kg2 Rxc2 25. Rc1 Rxf2+ 26.
Kg3 Rc2 27. Kf4 g6 28. Rxc2 Bxc2 29. Ke5 Be3 30. Re1 Bd2 31. Re2 Bc3+ 32. Kd6
Ba4 33. Re7+ Kf6 34. Rxh7 Bb4+ 35. Kc7 c5 36. Rh4 Bb3 37. Kb6 c4 38. Kb5 c3 0-1

[Event "3-Ð¹ Ñ�Ñ‚Ð°Ð¿ Ñ€Ð°Ð¿Ð¸Ð´ Ð“Ñ€Ð°Ð½-ÐŸÑ€Ð¸ ><ÐµÐ»Ñ�Ð±Ð¸Ð½Ñ�ÐºÐ°"]
[Site "?"]
[Date "2016.10.09"]
[Round "4.5"]
[White "Vinokur, Yuliya"]
[Black "Vaseptsov, Maxim"]
[Result "1/2-1/2"]
[WhiteElo "1950"]
[BlackElo "2258"]
[PlyCount "141"]
[EventDate "2016.??.??"]
[WhiteClock "0:00:22"]
[BlackClock "0:00:27"]

1. d4 Nf6 2. Nf3 e6 3. Bf4 c5 4. c3 d5 5. e3 Nc6 6. Bd3 Bd6 7. Bg3 O-O 8. Nbd2
Qe7 9. Rc1 Bd7 10. Ne5 Be8 11. O-O Nd7 12. Nxc6 bxc6 13. Bxd6 Qxd6 14. e4 e5
15. dxe5 Nxe5 16. Be2 Ng6 17. g3 f5 18. exf5 Rxf5 19. f4 Qe7 20. Bg4 Rf6 21.
Re1 Qf8 22. Nf3 Kh8 23. Qe2 Qg8 24. Rcd1 Rd8 25. f5 Nf8 26. Qe7 Rfd6 27. Ng5
R6d7 28. Qe2 h6 29. Ne6 Nxe6 30. fxe6 Re7 31. Qe5 Bg6 32. Rd2 Be4 33. Rde2 Rde8
34. Qd6 Qh7 35. Qxc6 Qg6 36. Bh3 Qh5 37. Bg2 Rxe6 38. Qxc5 Qg4 39. Qd4 a6 40.
Bxe4 dxe4 41. Re3 Re5 42. Qd2 Kh7 43. Qe2 Qg6 44. Rd1 Rf5 45. Rd4 Ref8 46.
Rdxe4 Qb6 47. Rd4 Rf1+ 48. Qxf1 Rxf1+ 49. Kxf1 Qxb2 50. Re2 Qxc3 51. Rf4 a5 52.
Kf2 Qc5+ 53. Kf1 Qb5 54. Kf2 a4 55. Rfe4 a3 56. R4e3 Qc5 57. Kg2 Qc4 58. h3 h5
59. Kh2 h4 60. gxh4 Qxh4 61. Rg3 Qf4 62. Kg2 Qc4 63. Rf2 Qd5+ 64. Kh2 Qd4 65.
Rfg2 Qe5 66. Rf2 Qd4 67. Kg2 Qd5+ 68. Rgf3 Qg5+ 69. Kh2 Qe5+ 70. Kg1 Qa1+ 71.
Kg2 1/2-1/2

[Event "3-Ð¹ Ñ�Ñ‚Ð°Ð¿ Ñ€Ð°Ð¿Ð¸Ð´ Ð“Ñ€Ð°Ð½-ÐŸÑ€Ð¸ ><ÐµÐ»Ñ�Ð±Ð¸Ð½Ñ�ÐºÐ°"]
[Site "?"]
[Date "2016.10.09"]
[Round "4.6"]
[White "Zasukhin, Vadim"]
[Black "Radzhabov, Rodion"]
[Result "1-0"]
[WhiteElo "2227"]
[BlackElo "2146"]
[PlyCount "72"]
[EventDate "2016.??.??"]
[WhiteClock "0:02:17"]
[BlackClock "0:00:07"]

1. d4 Nf6 2. Bf4 e6 3. e3 b6 4. Nf3 Bb7 5. Nbd2 d5 6. Bd3 Ne4 7. Ne5 Nxd2 8.
Qxd2 Bd6 9. Bg3 O-O 10. O-O Nd7 11. f4 f5 12. c4 c6 13. b4 Nxe5 14. fxe5 Be7
15. c5 Qd7 16. a4 Rfb8 17. Rfc1 a5 18. bxa5 bxc5 19. dxc5 Ba6 20. Bb1 Qa7 21.
Qd4 Bc4 22. Rxc4 dxc4 23. Qxc4 Qxc5 24. Qxe6+ Kh8 25. Bxf5 Qxe3+ 26. Kh1 Bc5
27. Qxc6 Rf8 28. Re1 Qd4 29. e6 Rac8 30. Qd7 Qxd7 31. exd7 Rcd8 32. Be6 Be7 33.
h4 Ra8 34. Bd5 Bb4 35. Re4 Rxa5 36. Bc6 Rc5 1-0